LEADER 01237nam0-22003851i-450- 001 990002408350203316 005 20090326093022.0 010 $a0-231-10469-3 035 $a000240835 035 $aUSA01000240835 035 $a(ALEPH)000240835USA01 035 $a000240835 100 $a20050316d1996----0engy01 ba 101 1 $aeng 102 $aUS 105 $aa ||||0|||| 200 1 $aCulture of national security: norms and identity in world politics$fedited by Peter J. Katzenstein 210 $aNew York$cColumbia university press$dc1996 215 $aXV, 562 p.$d23 cm 225 2 $aNew directions in world politics 410 0$12001$aNew directions in world politics 606 0 $aSicurezza internazionale 606 0 $aNazionalismo 676 $a355.03 702 1$aKATZENSTEIN,$bPeter J. 801 0$aIT$bsalbc$gISBD 912 $a990002408350203316 951 $a355.03 CUL 1 (ISP IV 1402)$b46039 G.$cISP IV$d00131315 959 $aBK 969 $aGIU 979 $aFIORELLA$b90$c20050316$lUSA01$h1755 979 $aMARIASEN$b90$c20050803$lUSA01$h1730 979 $aRSIAV5$b90$c20090326$lUSA01$h0930 996 $aCulture of national security: norms and identity in world politics$91065193 997 $aUNISA LEADER 01171nam--2200385---450- 001 990003492000203316 005 20110204114245.0 010 $a88-950510-2-5 035 $a000349200 035 $aUSA01000349200 035 $a(ALEPH)000349200USA01 035 $a000349200 100 $a20110204d2006----km-y0itay50------ba 101 0 $aita 102 $aIT 105 $aa---||||001yy 200 1 $a<> mito di Atlante$estoria della cartografia occidentale in età moderna$fMassimo Quaini 210 $aGenova$cIl portolano$d2006 215 $a167 p.$cill.$d23 x 23 cm 225 2 $aOrsa Minore$v2 410 0$12001$aOrsa Minore$v2 606 0 $aAtlanti geografici$zSec. 15.-19.$2BNCF 676 $a912.0903 700 1$aQUAINI,$bMassimo$0129492 801 0$aIT$bsalbc$gISBD 912 $a990003492000203316 951 $aX.2.B. 2044$b227903 L.M.$cX.2.B.$d00295383 959 $aBK 969 $aUMA 979 $aPASSARO$b90$c20110204$lUSA01$h0933 979 $aPASSARO$b90$c20110204$lUSA01$h0936 979 $aPASSARO$b90$c20110204$lUSA01$h1105 979 $aPASSARO$b90$c20110204$lUSA01$h1142 996 $aMito di Atlante$994833 997 $aUNISA